Macro economics/ (Record no. 5516)

MARC details
000 -LEADER
fixed length control field 00660nam a22002057a 4500
003 - CONTROL NUMBER IDENTIFIER
control field OSt
005 - DATE AND TIME OF LATEST TRANSACTION
control field 20251106005912.0
008 - FIXED-LENGTH DATA ELEMENTS--GENERAL INFORMATION
fixed length control field 251106b |||||||| |||| 00| 0 eng d
020 ## - INTERNATIONAL STANDARD BOOK NUMBER
International Standard Book Number 978-621-427-092-7
040 ## - CATALOGING SOURCE
Original cataloging agency DWCL-Main lib
Transcribing agency OC
082 ## - DEWEY DECIMAL CLASSIFICATION NUMBER
Classification number Fil. 339 M314m 2021
100 ## - MAIN ENTRY--PERSONAL NAME
Personal name Marcelo, Danilo F.
245 ## - TITLE STATEMENT
Title Macro economics/
Statement of responsibility, etc. Danilo F. Marcelo
260 ## - PUBLICATION, DISTRIBUTION, ETC.
Place of publication, distribution, etc. Manila, Philippines :
Name of publisher, distributor, etc. Unlimited books library services & publishing,
Date of publication, distribution, etc. c2021
300 ## - PHYSICAL DESCRIPTION
Extent viii, 421 pages :
Other physical details illustrations ;
Dimensions 25cm.
504 ## - BIBLIOGRAPHY, ETC. NOTE
Bibliography, etc. note Includes bibliographical references
650 ## - SUBJECT ADDED ENTRY--TOPICAL TERM
Topical term or geographic name entry element 1. Economics
650 ## - SUBJECT ADDED ENTRY--TOPICAL TERM
Topical term or geographic name entry element 2. Macroeconomics
942 ## - ADDED ENTRY ELEMENTS (KOHA)
Source of classification or shelving scheme Dewey Decimal Classification
Koha item type Book-Filipiniana
Call number prefix Fil.
Suppress in OPAC No
952 ## - LOCATION AND ITEM INFORMATION (KOHA)
--
952 ## - LOCATION AND ITEM INFORMATION (KOHA)
--
Holdings
Withdrawn status Lost status Source of classification or shelving scheme Damaged status Not for loan Home library Current library Shelving location Date acquired Source of acquisition Cost, normal purchase price Total Checkouts Full call number Barcode Date last seen Copy number Price effective from Koha item type Uniform Resource Identifier
    Dewey Decimal Classification     College Library College Library Filipiniana 12/09/2021 School Fund 625.00   Fil. 339 M314m 2021 53085 11/06/2025 c1 11/06/2025 BK - FIL
    Dewey Decimal Classification     College Library College Library Filipiniana 01/27/2023 School Fund 625.00   Fil. 339 M314m 2021 53437 11/06/2025 c2 11/06/2025 BK - FIL